| 000 | 00853nac a22002411u 4500 | ||
|---|---|---|---|
| 010 | _a 98033694 | ||
| 020 | _a0139737448 | ||
| 082 | 0 | 0 |
_a004.62 _bSTA |
| 090 |
_c5895 _d5895 |
||
| 100 | _aStallings, William. | ||
| 245 | 1 | 0 |
_aISDN and broadband ISDN with frame relay and ATM / _cWilliam Stallings. |
| 250 | _a4th ed. | ||
| 260 |
_aUpper Saddle River, N.J. : _bPrentice Hall,c1999. _cc1999. |
||
| 300 |
_axvi, 542 p. : _bill. ; _c25 cm. |
||
| 500 | _aDistributer : Al-Ahram. | ||
| 504 | _aIncludes bibliographical references (p. 529-534) and index. | ||
| 511 | _aCatalogued By : Mahitab. | ||
| 650 | 0 | _aIntegrated services digital networks. | |
| 650 | 0 | _aBroadband communication systems. | |
| 650 | 0 | _aFrame relay (Data transmission) | |
| 650 | 0 | _aAsynchronous transfer mode. | |
| 942 |
_cBB _k004.62STA |
||
| 999 |
_c5895 _d5895 |
||